000 01365cam a2200361 a 4500
999 _c5185
_d5185
001 15987476
003 OSt
005 20250821115253.0
008 091117r20071975nyu j 000 1 eng
010 _a 2009419376
020 _a9780312369811
035 _a15987476
040 _aDLC
_cDLC
_dKH8
042 _alcac
082 _aFIC BAB
100 1 _aBabbitt, Natalie,
_eauthor.
245 1 0 _aTuck everlasting /
_cNatalie Babbitt.
250 _a1st Square Fish ed.
260 _aNew York :
_bFarrar, Straus and Giroux,
_c2007.
300 _a148 p.;
_c20 cm.
336 _atext
_btxt
_2rdacontent
337 _aunmediated
_bn
_2rdamedia
338 _avolume
_bnc
_2rdacarrier
500 _aIncludes an interview with the author.
520 _aThe Tuck family is confronted with an agonizing situation when they discover that a ten-year-old girl and a malicious stranger now share their secret about a spring whose water prevents one from ever growing any older.
650 1 _aImmortality
_vFiction.
650 1 _aAging
_vFiction.
650 1 _aSecrets
_vFiction.
655 7 _aFiction.
_2lcgft
_0https://id.loc.gov/authorities/genreForms/gf2014026339
942 _2ddc
_cCSN